000 00362nam a2200133 4500
005 20260530115257.0
100 1 _aDutch Designers BNO
245 1 0 _aDutch Design 2000/01 Industrial Design
264 1 _bBis Publishers, Amsterdam 2000
_c2000
300 _a92 páginas
336 _atexto
_2rdacontent
337 _asin medio
_2rdamedia
338 _avolumen
_2rdacarrier
999 _c12665
_d12665